01377nam a2200373 i 4500001000700000003000800007005001700015006001900032007001500051008004100066017005000107020001800157035002200175040003100197050002100228080001200249080001400261082001400275100003700289245010200326264005300428300005400481336003100535337003300566338004300599490004400642504003900686588008300725650003700808650002200845655002700867830004600894856006300940141396FlNmELB20241217181603.0m o d | cr cnu||||||||240206s2018 sp a ob 000 0 spa d aM 11667-2018bOficina Depósito Legal Madrid a9788490974605 a(OCoLC)1427603678 aFINmELBbspaerdacFINmELB 4aQ181b.L377 2018 a5:37.02 a37.014.2204a507.12231 aLaspra Pérez, Belén,eautor.13aLa alfabetización científica :bla comprensión de la ciencia en España /cBelén Laspra. 1aMadrid :bLos Libros de la Catarata,cD.L. 2018. a1 recurso en línea :bilustraciones, gráficos atextobtxt2rdacontent/spa acomputadorabc2rdamedia/spa arecurso en líneabcr2rdacarrier/spa1 aSerie Ensayos ciencia y sociedad ;v219 aBibliografía: páginas 105-109. aDescripción basada en metadatos suministrados por el editor y otras fuentes. 4aCienciasxEstudio y enseñanza. 4aAlfabetización. 4aLibros electrónicos. 0aSerie Ensayos ciencia y sociedad ;v219.40uhttps://elibro.net/ereader/politecnicointernacional/250205